| 000 | 00786nam a2200265Ia 4500 | ||
|---|---|---|---|
| 003 | OSt | ||
| 005 | 20220928121405.0 | ||
| 006 | a|||||r|||| 00| 0 | ||
| 007 | ta | ||
| 008 | 220927b |||||||| |||| 00| 0 eng d | ||
| 020 | _c2827.00 | ||
| 024 | _a118430 | ||
| 037 |
_b282, 01/02/2013, _cTextual |
||
| 040 |
_aSDCL _cSDCL _beng |
||
| 041 |
_2eng _aeng |
||
| 082 | _aB313N, P7 | ||
| 100 |
_aMartinez-Avendano Ruben A _9451857 |
||
| 245 | 0 | _aIntroduction to operators on the Hardy-Hilbert space. | |
| 260 |
_aNew York _b Springer _c2007 |
||
| 300 |
_axii:220p _ccm. |
||
| 650 |
_aGift _9391569 |
||
| 700 |
_a Rosenthal Peter _9451858 |
||
| 942 |
_hB313N, P7 _cTEXL _2CC |
||
| 999 |
_c765860 _d765860 |
||